| 000 | 00724nam a2200241 a 4500 | ||
|---|---|---|---|
| 008 | 951212s1980||||[C 0 slo c | ||
| 020 |
_c30 Kčs. _q(10000 výtl.) |
||
| 040 |
_aSNK _bslo _cSNK _eAACR2 |
||
| 041 | 1 |
_aslo _hger |
|
| 044 |
_axo _cSK |
||
| 080 | _a830-3 | ||
| 100 | 1 |
_aLenz, Siegfried _4aut |
|
| 245 | 1 | 0 |
_aVzor _cSiegfried Lenz ; Silvia Smidová, Ivan Cvrkal, Zoltán Salamon |
| 250 | _a1., vyd. | ||
| 260 |
_aBratislava _bSmena _c1980 _eBratislava _fPravda |
||
| 300 |
_a295 s., 23,37 AH _c20 cm |
||
| 490 | 0 | _aŠtafeta | |
| 500 | _aRozlož. tit. list. Rok vyd. na tit. liste 1979. | ||
| 700 | 1 |
_aSmidová, Silvia _4trl |
|
| 700 | 1 |
_aCvrkal, Ivan _4[ADC] |
|
| 700 | 1 |
_aSalamon, Zoltán _4bkd |
|
| 958 | _aA | ||
| 999 |
_c12124 _d12124 |
||